000 00483nam a2200181Ia 4500
008 230711s9999||||xx |||||||||||||| ||und||
020 _a81-239-0846-6
041 _aENG
082 _a620.03
_bTS-M
100 _aTSE,Francis.S
245 0 _aMechanical Vibrations : Theory and Applications
250 _a2nd Ed.
260 _c2004
_aNew Delhi
_bCBS Publishers & Distributors Pvt.Ltd
300 _a449p.
650 _aMechanical Engineering
700 _aMorse,Ivan E
942 _cBK
999 _c6670
_d6670